[Event "34. Torneo Internacional La Roda"]
[Site "La Roda ESP"]
[Date "2007.04.05"]
[Round "3.12"]
[White "Mateo, Ramon"]
[Black "Picazo Lopez, Juan Antonio"]
[Result "1-0"]
[WhiteElo "2448"]
[BlackElo "2222"]
[PlyCount "81"]
[EventDate "2007.04.04"]
[EventType "swiss"]
[EventRounds "9"]
[EventCountry "ESP"]
[Source "lmi"]
[SourceDate "2007.04.04"]

1. d4 d5 2. c4 c6 3. Qc2 Nf6 4. Nf3 e6 5. Bg5 Be7 6. e3 Nbd7 7. Nbd2 O-O 8. Bd3
Re8 9. O-O Nf8 10. Rac1 Nh5 11. Bxe7 Qxe7 12. Rfe1 g6 13. a3 f5 14. b4 Nf6 15.
Nb3 a6 16. Ne5 N8d7 17. f3 Nxe5 18. dxe5 Nd7 19. f4 Rb8 20. Nd4 Nf8 21. Qb3 Kg7
22. a4 Bd7 23. b5 axb5 24. axb5 c5 25. Nf3 b6 26. Ra1 dxc4 27. Bxc4 Bc8 28.
Red1 Rb7 29. Rd6 Rd8 30. Qc3 h6 31. Rad1 Rbd7 32. Rxd7 Rxd7 33. Rd6 Bb7 34.
Rxb6 Kg8 35. Be2 Bxf3 36. Bxf3 Qd8 37. Rc6 g5 38. h3 gxf4 39. exf4 Qh4 40. Rc8
Qxf4 41. Qxc5 1-0

[Event "34. Torneo Internacional La Roda"]
[Site "La Roda ESP"]
[Date "2007.04.05"]
[Round "3.13"]
[White "Lopez Quevedo, Angel Carlos"]
[Black "Fernandez Romero, Ernesto"]
[Result "0-1"]
[WhiteElo "2121"]
[BlackElo "2437"]
[PlyCount "76"]
[EventDate "2007.04.04"]
[EventType "swiss"]
[EventRounds "9"]
[EventCountry "ESP"]
[Source "lmi"]
[SourceDate "2007.04.04"]

1. d4 Nf6 2. c4 d6 3. Nc3 e5 4. d5 Be7 5. g3 O-O 6. Bg2 Ne8 7. e4 f5 8. exf5
Bxf5 9. Nge2 Nf6 10. O-O Qe8 11. f4 Qh5 12. Kh1 Nbd7 13. Ng1 Ng4 14. h3 Ndf6
15. fxe5 Nxe5 16. Qxh5 Nxh5 17. Nge2 Bd3 18. Rxf8+ Rxf8 19. g4 Bxe2 20. Nxe2
Rf2 21. Nd4 Ng3+ 22. Kg1 Nd3 23. Be3 Rxb2 24. Rd1 Ne5 25. Bf4 Ne2+ 26. Nxe2
Rxe2 27. Bxe5 dxe5 28. d6 Bxd6 29. Bxb7 Kf8 30. a4 Ke7 31. Bd5 Bc5+ 32. Kf1
Rf2+ 33. Ke1 Ra2 34. Bc6 Bf2+ 35. Kf1 Bd4 36. Rb1 Kd6 37. Be8 Rc2 38. Bf7 Rf2+
0-1

[Event "34. Torneo Internacional La Roda"]
[Site "La Roda ESP"]
[Date "2007.04.05"]
[Round "3.14"]
[White "Krug Cortegoso, Martin"]
[Black "Saldano, Horacio"]
[Result "1/2-1/2"]
[WhiteElo "2099"]
[BlackElo "2422"]
[PlyCount "30"]
[EventDate "2007.04.04"]
[EventType "swiss"]
[EventRounds "9"]
[EventCountry "ESP"]
[Source "lmi"]
[SourceDate "2007.04.04"]

1. Nf3 c5 2. c4 Nc6 3. Nc3 g6 4. g3 Bg7 5. Bg2 Nf6 6. O-O O-O 7. d4 cxd4 8.
Nxd4 Nxd4 9. Qxd4 d6 10. Qd3 a6 11. h3 Rb8 12. c5 d5 13. Bf4 Bf5 14. Qd4 Ne4
15. Qxd5 Nxc3 1/2-1/2

[Event "34. Torneo Internacional La Roda"]
[Site "La Roda ESP"]
[Date "2007.04.05"]
[Round "3.15"]
[White "Lalic, Bogdan"]
[Black "Garrido Fernandez, Javier"]
[Result "1-0"]
[WhiteElo "2519"]
[BlackElo "2056"]
[PlyCount "67"]
[EventDate "2007.04.04"]
[EventType "swiss"]
[EventRounds "9"]
[EventCountry "ESP"]
[Source "lmi"]
[SourceDate "2007.04.04"]

1. d4 Nf6 2. Nf3 g6 3. c4 Bg7 4. Nc3 O-O 5. e4 d6 6. Be2 Nbd7 7. O-O c5 8. d5
a6 9. a4 Qc7 10. Bf4 Nh5 11. Be3 e5 12. dxe6 fxe6 13. Ng5 Ne5 14. f4 Nf7 15.
Nxf7 Rxf7 16. Bxh5 gxh5 17. Qxh5 Bd7 18. Rad1 Bc6 19. f5 exf5 20. exf5 Re8 21.
Bh6 Bd4+ 22. Kh1 Kh8 23. Rde1 Rg8 24. Ne4 Bxe4 25. Rxe4 Bxb2 26. Re6 Rf6 27.
Bg5 Rf7 28. Bf4 Qd7 29. Qe2 Bg7 30. Bxd6 Bd4 31. Re7 Rxe7 32. Bxe7 Kg7 33. f6+
Kf7 34. Qh5+ 1-0

[Event "34. Torneo Internacional La Roda"]
[Site "La Roda ESP"]
[Date "2007.04.05"]
[Round "3.16"]
[White "Jordan Martinez, David"]
[Black "Rizouk, Aimen"]
[Result "1-0"]
[WhiteElo "2120"]
[BlackElo "2484"]
[PlyCount "59"]
[EventDate "2007.04.04"]
[EventType "swiss"]
[EventRounds "9"]
[EventCountry "ESP"]
[Source "lmi"]
[SourceDate "2007.04.04"]

1. e4 e5 2. Nf3 Nc6 3. Bc4 Bc5 4. c3 Nf6 5. d4 exd4 6. O-O d6 7. cxd4 Bb6 8.
Nc3 Bg4 9. Be3 O-O 10. h3 Bxf3 11. gxf3 Kh8 12. Kh2 Ne7 13. Bg5 d5 14. Bxf6
gxf6 15. Nxd5 Nxd5 16. exd5 Qd6+ 17. Kh1 Qf4 18. Qd3 Bxd4 19. Qe4 Qh6 20. Qf5
Rg8 21. f4 Rg6 22. d6 cxd6 23. Bxf7 Rg7 24. Bd5 Qh4 25. Rac1 Rg6 26. Bf7 Bxf2
27. Bxg6 hxg6 28. Qg4 Qxg4 29. hxg4 Bc5 30. Rfe1 1-0

[Event "34. Torneo Internacional La Roda"]
[Site "La Roda ESP"]
[Date "2007.04.05"]
[Round "3.17"]
[White "Castellanos, Renier"]
[Black "Garcia Gata, Jorge D"]
[Result "1/2-1/2"]
[WhiteElo "2471"]
[BlackElo "2134"]
[PlyCount "66"]
[EventDate "2007.04.04"]
[EventType "swiss"]
[EventRounds "9"]
[EventCountry "ESP"]
[Source "lmi"]
[SourceDate "2007.04.04"]

1. e4 c5 2. Nf3 d6 3. d4 cxd4 4. Nxd4 Nf6 5. Nc3 g6 6. Be3 Bg7 7. f3 O-O 8. Qd2
Nc6 9. Bc4 Bd7 10. O-O-O Rb8 11. Bb3 Na5 12. Kb1 b5 13. h4 Nc4 14. Bxc4 bxc4
15. Ka1 Qb6 16. Rb1 Qa6 17. Bh6 Rb6 18. h5 Qa5 19. Nde2 Bxh6 20. Qxh6 g5 21. a3
Rfb8 22. f4 Ng4 23. Qxg5+ Qxg5 24. fxg5 Ne3 25. Rhc1 Bg4 26. Nf4 e6 27. Ka2 d5
28. exd5 Bf5 29. dxe6 fxe6 30. Na4 Rb5 31. Nc3 R5b6 32. Na4 Rb5 33. Nc3 R5b6
1/2-1/2

[Event "34. Torneo Internacional La Roda"]
[Site "La Roda ESP"]
[Date "2007.04.05"]
[Round "3.18"]
[White "Bellon Lopez, Juan Manuel"]
[Black "Espinosa Aranda, Angel"]
[Result "1-0"]
[WhiteElo "2425"]
[BlackElo "2161"]
[PlyCount "37"]
[EventDate "2007.04.04"]
[EventType "swiss"]
[EventRounds "9"]
[EventCountry "ESP"]
[Source "lmi"]
[SourceDate "2007.04.04"]

1. d4 d5 2. c4 dxc4 3. Nf3 Nf6 4. e3 e6 5. Bxc4 a6 6. O-O b5 7. Bb3 c5 8. a4
Bb7 9. axb5 axb5 10. Rxa8 Bxa8 11. Qe2 Bxf3 12. Qxf3 cxd4 13. exd4 Qxd4 14. Qb7
Bd6 15. Qc8+ Ke7 16. Qxh8 Nbd7 17. Nc3 Ng4 18. Bg5+ Ndf6 19. g3 1-0

[Event "34. Torneo Internacional La Roda"]
[Site "La Roda ESP"]
[Date "2007.04.05"]
[Round "3.19"]
[White "Delgado Alarcon, Jesus Francisco"]
[Black "Kozakov, Mikhail"]
[Result "0-1"]
[WhiteElo "2100"]
[BlackElo "2415"]
[PlyCount "72"]
[EventDate "2007.04.04"]
[EventType "swiss"]
[EventRounds "9"]
[EventCountry "ESP"]
[Source "lmi"]
[SourceDate "2007.04.04"]

1. d4 Nf6 2. c4 g6 3. Nc3 d5 4. e3 Bg7 5. Bd3 O-O 6. Nge2 c5 7. O-O cxd4 8.
exd4 Nc6 9. Bf4 Bg4 10. f3 Be6 11. b3 dxc4 12. Bxc4 Nd5 13. Bxd5 Bxd5 14. Qd2
e6 15. Kh1 Rc8 16. Rac1 Ne7 17. Nb5 a6 18. Nd6 Rxc1 19. Rxc1 Bc6 20. Be5 Nf5
21. Bxg7 Nxg7 22. Ne4 Qh4 23. g3 Qe7 24. Kg2 Rd8 25. Qf4 f5 26. Nc5 g5 27. Qe3
g4 28. Ng1 Qd6 29. Kf2 Qxd4 30. Qxd4 Rxd4 31. Ke3 e5 32. Nxa6 f4+ 33. gxf4 Nf5+
34. Kf2 gxf3 35. Nb8 Rd2+ 36. Ke1 Rxh2 0-1

[Event "34. Torneo Internacional La Roda"]
[Site "La Roda ESP"]
[Date "2007.04.06"]
[Round "4.1"]
[White "Khamrakulov, Ibragim S"]
[Black "Radulski, Julian"]
[Result "1/2-1/2"]
[WhiteElo "2545"]
[BlackElo "2485"]
[PlyCount "45"]
[EventDate "2007.04.04"]
[EventType "swiss"]
[EventRounds "9"]
[EventCountry "ESP"]
[Source "lmi"]
[SourceDate "2007.04.04"]

1. e4 e5 2. Nf3 Nc6 3. Bb5 a6 4. Bxc6 dxc6 5. Nc3 Nf6 6. Nxe5 Nxe4 7. Nxe4 Qd4
8. O-O Qxe5 9. d4 Qf5 10. Ng3 Qd5 11. Bf4 Bd6 12. Bxd6 Qxd6 13. Re1+ Be6 14.
Ne4 Qd5 15. Nc5 O-O-O 16. Nxe6 fxe6 17. c3 Rhf8 18. Re5 Qxe5 19. dxe5 Rxd1+ 20.
Rxd1 Rf4 21. f3 Ra4 22. a3 Ra5 23. f4 1/2-1/2

[Event "34. Torneo Internacional La Roda"]
[Site "La Roda ESP"]
[Date "2007.04.06"]
[Round "4.2"]
[White "Suba, Mihai"]
[Black "Mateo, Ramon"]
[Result "1-0"]
[WhiteElo "2537"]
[BlackElo "2448"]
[PlyCount "68"]
[EventDate "2007.04.04"]
[EventType "swiss"]
[EventRounds "9"]
[EventCountry "ESP"]
[Source "lmi"]
[SourceDate "2007.04.04"]

1. Nf3 d5 2. c4 c6 3. e3 Nf6 4. Nc3 g6 5. d4 Bg7 6. Bd3 O-O 7. O-O dxc4 8. Bxc4
Bg4 9. h3 Bxf3 10. Qxf3 Nbd7 11. a4 Nb6 12. Bb3 a5 13. Rd1 Nbd5 14. e4 Nb4 15.
Bg5 h6 16. Bh4 Ne8 17. d5 Qc7 18. Rac1 Bf6 19. Bxf6 exf6 20. d6 Qd7 21. Qg3 Kh7
22. e5 Qf5 23. d7 Ng7 24. exf6 Nh5 25. Qe3 Nxf6 26. Bxf7 Nh5 27. Be8 Nf4 28.
d8=Q Rxd8 29. Rxd8 Qg5 30. Rd7+ Kg8 31. Qg3 Rxe8 32. Qxg5 hxg5 33. Rxb7 Nbd3
34. Rd1 Ne1 1-0

[Event "34. Torneo Internacional La Roda"]
[Site "La Roda ESP"]
[Date "2007.04.06"]
[Round "4.3"]
[White "Krivoshey, Sergei"]
[Black "Mirzoev, Azer"]
[Result "1/2-1/2"]
[WhiteElo "2475"]
[BlackElo "2535"]
[PlyCount "31"]
[EventDate "2007.04.04"]
[EventType "swiss"]
[EventRounds "9"]
[EventCountry "ESP"]
[Source "lmi"]
[SourceDate "2007.04.04"]

1. Nf3 Nf6 2. c4 g6 3. Nc3 Bg7 4. e4 d6 5. d4 O-O 6. Be2 e5 7. O-O Nc6 8. d5
Ne7 9. Ne1 Ne8 10. Be3 f5 11. f3 Rf7 12. a4 f4 13. Bf2 g5 14. c5 Ng6 15. cxd6
cxd6 16. a5 1/2-1/2

[Event "34. Torneo Internacional La Roda"]
[Site "La Roda ESP"]
[Date "2007.04.06"]
[Round "4.5"]
[White "Paunovic, Dragan"]
[Black "Vitor, Antonio"]
[Result "1-0"]
[WhiteElo "2524"]
[BlackElo "2367"]
[PlyCount "105"]
[EventDate "2007.04.04"]
[EventType "swiss"]
[EventRounds "9"]
[EventCountry "ESP"]
[Source "lmi"]
[SourceDate "2007.04.04"]

1. Nf3 d5 2. d4 Nf6 3. c4 c6 4. e3 a6 5. Bd3 Bg4 6. Nbd2 e6 7. Qb3 Ra7 8. Ne5
Bh5 9. O-O Ng4 10. Nxg4 Bxg4 11. e4 Be7 12. Qc2 Bh5 13. Re1 Bg6 14. Nf3 O-O 15.
Bf4 dxe4 16. Bxe4 Nd7 17. Bxg6 hxg6 18. d5 exd5 19. cxd5 c5 20. Rad1 b5 21. b3
Re8 22. h4 Ra8 23. d6 Bf6 24. Rxe8+ Qxe8 25. Re1 Qd8 26. Qe4 Qc8 27. Bg5 c4 28.
bxc4 bxc4 29. Rc1 c3 30. Qd3 Rb8 31. Bxf6 Nxf6 32. Qxc3 Qxc3 33. Rxc3 Ne4 34.
Rc6 Rd8 35. Rxa6 Nxd6 36. Ng5 Nf5 37. g3 f6 38. Ne6 Rd1+ 39. Kg2 Kf7 40. Nf4
Rd7 41. a4 Ne7 42. a5 Nd5 43. Nxd5 Rxd5 44. Ra7+ Kg8 45. a6 Ra5 46. Kf3 Ra2 47.
Ke4 Kh7 48. Kd5 Kh6 49. Kc6 Rc2+ 50. Kd7 Rd2+ 51. Kc8 Ra2 52. Kb8 Kh5 53. f3
1-0

[Event "34. Torneo Internacional La Roda"]
[Site "La Roda ESP"]
[Date "2007.04.06"]
[Round "4.6"]
[White "Kovacevic, Slobodan"]
[Black "Lalic, Bogdan"]
[Result "1/2-1/2"]
[WhiteElo "2325"]
[BlackElo "2519"]
[PlyCount "36"]
[EventDate "2007.04.04"]
[EventType "swiss"]
[EventRounds "9"]
[EventCountry "ESP"]
[Source "lmi"]
[SourceDate "2007.04.04"]

1. e4 c6 2. d4 d5 3. Nc3 dxe4 4. Nxe4 Bf5 5. Ng3 Bg6 6. h4 h6 7. Nf3 Nd7 8. h5
Bh7 9. Bd3 Bxd3 10. Qxd3 e6 11. Ne4 Ngf6 12. Nxf6+ Nxf6 13. Bd2 Qd5 14. c4 Qe4+
15. Qxe4 Nxe4 16. Bf4 Bd6 17. Bxd6 Nxd6 18. b3 O-O 1/2-1/2

[Event "34. Torneo Internacional La Roda"]
[Site "La Roda ESP"]
[Date "2007.04.06"]
[Round "4.7"]
[White "Velicka, Petr"]
[Black "Ivanov, Jordan"]
[Result "1/2-1/2"]
[WhiteElo "2504"]
[BlackElo "2381"]
[PlyCount "37"]
[EventDate "2007.04.04"]
[EventType "swiss"]
[EventRounds "9"]
[EventCountry "ESP"]
[Source "lmi"]
[SourceDate "2007.04.04"]

1. e4 c5 2. Nf3 e6 3. d4 cxd4 4. Nxd4 Nc6 5. Nb5 d6 6. c4 Nf6 7. N1c3 a6 8. Na3
b6 9. Be3 Bb7 10. Qb3 Nd7 11. Be2 Be7 12. O-O O-O 13. Rad1 Nc5 14. Qc2 Bf6 15.
Nab1 Qe7 16. a3 a5 17. Nb5 Rfd8 18. N1c3 a4 19. Bxc5 1/2-1/2

[Event "34. Torneo Internacional La Roda"]
[Site "La Roda ESP"]
[Date "2007.04.06"]
[Round "4.8"]
[White "Pogorelov, Ruslan"]
[Black "Serna Lara, Sergio"]
[Result "1-0"]
[WhiteElo "2462"]
[BlackElo "2251"]
[PlyCount "89"]
[EventDate "2007.04.04"]
[EventType "swiss"]
[EventRounds "9"]
[EventCountry "ESP"]
[Source "lmi"]
[SourceDate "2007.04.04"]

1. Nf3 d5 2. d4 Nf6 3. c4 c6 4. e3 Bf5 5. Nc3 a6 6. Qb3 Ra7 7. cxd5 cxd5 8. Ne5
e6 9. Be2 h6 10. Bd2 Nbd7 11. Rc1 Be7 12. Nxd7 Nxd7 13. O-O O-O 14. a3 b5 15.
Na2 Nb6 16. Nb4 Nc4 17. Nc6 Nxd2 18. Qd1 Qd6 19. Qxd2 Rc7 20. Nxe7+ Qxe7 21.
Rxc7 Qxc7 22. Rc1 Qb7 23. Qc3 b4 24. axb4 Rb8 25. b5 axb5 26. Qb4 Qa7 27. h3
Qa4 28. Qd6 Ra8 29. b4 Qa2 30. Qc6 Kh7 31. Bf1 Qd2 32. Qc3 Ra2 33. Qxd2 Rxd2
34. Bxb5 Rb2 35. Be8 Rxb4 36. Bxf7 Rb7 37. Bh5 g6 38. Bg4 Kg7 39. Kh2 Kf6 40.
Kg3 h5 41. Bxf5 Kxf5 42. Rc8 Kf6 43. Kf3 Rb2 44. Rc7 g5 45. Kg3 1-0

[Event "34. Torneo Internacional La Roda"]
[Site "La Roda ESP"]
[Date "2007.04.06"]
[Round "4.9"]
[White "Llavador Moron, Juan Jose"]
[Black "Koziak, Vitali"]
[Result "1/2-1/2"]
[WhiteElo "2202"]
[BlackElo "2461"]
[PlyCount "21"]
[EventDate "2007.04.04"]
[EventType "swiss"]
[EventRounds "9"]
[EventCountry "ESP"]
[Source "lmi"]
[SourceDate "2007.04.04"]

1. e4 c6 2. d4 d5 3. Nd2 dxe4 4. Nxe4 Nd7 5. Nf3 Ngf6 6. Ng3 e6 7. Bd3 c5 8.
O-O cxd4 9. Nxd4 Nc5 10. Bb5+ Bd7 11. Qf3 1/2-1/2

[Event "34. Torneo Internacional La Roda"]
[Site "La Roda ESP"]
[Date "2007.04.06"]
[Round "4.10"]
[White "Petkov, Vladimir"]
[Black "Rodriguez Cordon, Luis"]
[Result "1-0"]
[WhiteElo "2456"]
[BlackElo "2264"]
[PlyCount "49"]
[EventDate "2007.04.04"]
[EventType "swiss"]
[EventRounds "9"]
[EventCountry "ESP"]
[Source "lmi"]
[SourceDate "2007.04.04"]

1. d4 Nf6 2. c4 c5 3. d5 e5 4. Nc3 d6 5. e4 g6 6. Be2 Nbd7 7. Bg5 h6 8. Be3 Be7
9. Qd2 h5 10. h3 h4 11. Bg4 Nxg4 12. hxg4 Nb6 13. Qe2 f5 14. gxf5 gxf5 15. f4
exf4 16. Bxf4 Bg5 17. exf5+ Kf7 18. Bxg5 Qxg5 19. Ne4 Qh6 20. Nh3 Bd7 21. Nhg5+
Kg8 22. Ne6 Rh7 23. g4 h3 24. N6g5 Re7 25. Rxh3 1-0

[Event "34. Torneo Internacional La Roda"]
[Site "La Roda ESP"]
[Date "2007.04.06"]
[Round "4.11"]
[White "Garcia Romero, Benjamin Abel"]
[Black "Bellon Lopez, Juan Manuel"]
[Result "0-1"]
[WhiteElo "2263"]
[BlackElo "2425"]
[PlyCount "118"]
[EventDate "2007.04.04"]
[EventType "swiss"]
[EventRounds "9"]
[EventCountry "ESP"]
[Source "lmi"]
[SourceDate "2007.04.04"]

1. d4 Nf6 2. Nf3 c5 3. d5 d6 4. Nc3 Qa5 5. Bd2 b5 6. Ne4 Qb6 7. Nxf6+ exf6 8.
a4 bxa4 9. e4 Bd7 10. Bd3 Na6 11. c3 Nc7 12. O-O Be7 13. Bc2 O-O 14. Bxa4 Bxa4
15. Qxa4 f5 16. exf5 Nxd5 17. c4 Nb4 18. Bc3 Rfd8 19. Rfe1 Bf6 20. Rad1 Qc6 21.
Qa5 Qb7 22. Re3 Nc6 23. Qa4 Bxc3 24. bxc3 Qc7 25. Rde1 a5 26. Ng5 h6 27. Ne4 f6
28. f4 Qd7 29. Ng3 d5 30. Re6 Rac8 31. Qd1 d4 32. Ne4 dxc3 33. Re8+ Qxe8 34.
Nxf6+ gxf6 35. Qg4+ Kf8 36. Rxe8+ Kxe8 37. Qg8+ Kd7 38. Qg7+ Kd6 39. Qxf6+ Kc7
40. Qxc3 Rd4 41. h3 a4 42. f6 Rf8 43. g4 Rxf6 44. g5 hxg5 45. fxg5 Rfd6 46. h4
Rxh4 47. Qg3 Rxc4 48. g6 a3 49. g7 a2 50. g8=Q a1=Q+ 51. Kg2 Rc2+ 52. Kh3 Qh1+
53. Kg4 Rg2 54. Qf7+ Kb6 55. Qfb3+ Nb4 56. Kf5 Qh7+ 57. Kf4 Rd4+ 58. Ke5 Qe4+
59. Kf6 Rxg3 0-1

[Event "34. Torneo Internacional La Roda"]
[Site "La Roda ESP"]
[Date "2007.04.06"]
[Round "4.12"]
[White "Saldano, Horacio"]
[Black "Martinez Lozano, Miguel Angel"]
[Result "1-0"]
[WhiteElo "2422"]
[BlackElo "2194"]
[PlyCount "115"]
[EventDate "2007.04.04"]
[EventType "swiss"]
[EventRounds "9"]
[EventCountry "ESP"]
[Source "lmi"]
[SourceDate "2007.04.04"]

1. d4 Nf6 2. Nf3 g6 3. g3 Bg7 4. Bg2 O-O 5. O-O d6 6. Nc3 c6 7. e4 Qa5 8. Qd2
Qh5 9. Qg5 Bg4 10. Qxh5 Bxh5 11. h3 Bxf3 12. Bxf3 e5 13. Rd1 Nbd7 14. Be3 Rfe8
15. d5 cxd5 16. Nxd5 Nxd5 17. Rxd5 Bf8 18. Rb5 b6 19. a4 h5 20. g4 hxg4 21.
hxg4 Rec8 22. c3 Be7 23. g5 Nc5 24. a5 Bd8 25. axb6 Bxb6 26. Rd1 Rd8 27. Ra1
Rdc8 28. Kf1 Kf8 29. Ke2 Ke7 30. Bg4 Rh8 31. Kf3 Rhf8 32. b4 Ne6 33. Bxe6 Kxe6
34. Bxb6 axb6 35. Rd1 Rfc8 36. Rd3 Rc6 37. Rbd5 Rd8 38. Ke3 Rcc8 39. f3 Rc6 40.
Kd2 Rc7 41. Kc2 Ra7 42. Kb2 Rc7 43. Kb3 Ra7 44. Kc4 Rc7+ 45. Kb5 Ke7 46. Kxb6
Rdd7 47. Kb5 Ra7 48. Kc4 Ra3 49. b5 Ra4+ 50. Kb3 Ra1 51. c4 Ra5 52. Kb4 Ra1 53.
Kb3 Rb1+ 54. Kc2 Rb4 55. c5 Rc4+ 56. Rc3 Rxc3+ 57. Kxc3 dxc5 58. Rxe5+ 1-0

[Event "34. Torneo Internacional La Roda"]
[Site "La Roda ESP"]
[Date "2007.04.06"]
[Round "4.13"]
[White "Kozakov, Mikhail"]
[Black "Jordan Martinez, David"]
[Result "1-0"]
[WhiteElo "2415"]
[BlackElo "2120"]
[PlyCount "85"]
[EventDate "2007.04.04"]
[EventType "swiss"]
[EventRounds "9"]
[EventCountry "ESP"]
[Source "lmi"]
[SourceDate "2007.04.04"]

1. e4 e5 2. Nf3 Nf6 3. Nxe5 d6 4. Nf3 Nxe4 5. d4 d5 6. Bd3 Bd6 7. O-O O-O 8. c4
c6 9. Re1 Re8 10. Nc3 Nxc3 11. bxc3 dxc4 12. Bxc4 Bg4 13. Bg5 Rxe1+ 14. Qxe1
Qf8 15. Ne5 Bh5 16. f4 b5 17. Bb3 a5 18. Qh4 Bxe5 19. fxe5 a4 20. Bc2 Bg6 21.
Bxg6 hxg6 22. Be7 Qe8 23. Rf1 Ra7 24. Bd6 Nd7 25. Rf3 g5 26. Qxg5 Nf8 27. Qh5
Qe6 28. Rh3 Qh6 29. Qxh6 gxh6 30. Rxh6 Ne6 31. Rf6 Kg7 32. Kf2 Ra8 33. h4 Rh8
34. g3 Rd8 35. Rf5 Rd7 36. g4 Rb7 37. a3 Rd7 38. g5 Kg6 39. Rf6+ Kg7 40. Kg3
Kh7 41. g6+ Kg7 42. gxf7 Rxd6 43. f8=Q+ 1-0

[Event "34. Torneo Internacional La Roda"]
[Site "La Roda ESP"]
[Date "2007.04.06"]
[Round "4.14"]
[White "Minzer, Claudio Javier"]
[Black "Krug Cortegoso, Martin"]
[Result "1/2-1/2"]
[WhiteElo "2414"]
[BlackElo "2099"]
[PlyCount "90"]
[EventDate "2007.04.04"]
[EventType "swiss"]
[EventRounds "9"]
[EventCountry "ESP"]
[Source "lmi"]
[SourceDate "2007.04.04"]

1. d4 Nf6 2. c4 g6 3. Nc3 Bg7 4. e4 d6 5. f3 O-O 6. Bg5 a6 7. Qd2 c5 8. d5 b5
9. cxb5 Qa5 10. a4 Nbd7 11. Ra3 Nb6 12. Bd3 e6 13. dxe6 Bxe6 14. Nge2 Bc4 15.
O-O axb5 16. axb5 Qb4 17. Rfa1 Rxa3 18. bxa3 Qa5 19. a4 Re8 20. Bxc4 Nxc4 21.
Qd3 d5 22. exd5 Nxd5 23. Qxc4 Nxc3 24. Nxc3 Bd4+ 25. Kf1 Bxc3 26. Rd1 Bd4 27.
Bd2 Qc7 28. g3 Re5 29. Bf4 Qb7 30. Kg2 Re6 31. a5 Qe7 32. Kf1 g5 33. Bc1 g4 34.
Qd5 Re3 35. Bxe3 Qxe3 36. Rxd4 cxd4 37. Qa8+ Kg7 38. Qe4 Qc1+ 39. Qe1 Qc4+ 40.
Qe2 d3 41. Qe5+ f6 42. Qe7+ Kg8 43. Qe8+ Kg7 44. Qe7+ Kg8 45. Qe8+ Kg7 1/2-1/2

[Event "34. Torneo Internacional La Roda"]
[Site "La Roda ESP"]
[Date "2007.04.06"]
[Round "4.15"]
[White "Fernandez Gonzalez, Francisco"]
[Black "Hernandez Carmenates, Holden"]
[Result "0-1"]
[WhiteElo "2012"]
[BlackElo "2541"]
[PlyCount "92"]
[EventDate "2007.04.04"]
[EventType "swiss"]
[EventRounds "9"]
[EventCountry "ESP"]
[Source "lmi"]
[SourceDate "2007.04.04"]

1. d4 Nf6 2. c4 e6 3. Nc3 Bb4 4. e3 O-O 5. Bd3 d5 6. Nf3 c5 7. O-O Nc6 8. a3
Bxc3 9. bxc3 dxc4 10. Bxc4 Qc7 11. Qe2 e5 12. Nxe5 Nxe5 13. dxe5 Qxe5 14. f4
Qe7 15. Bd3 Re8 16. Re1 Ne4 17. Bb2 Bd7 18. c4 Rad8 19. Be5 Bc6 20. Qc2 Rxd3
21. Qxd3 Rd8 22. Qf1 f6 23. Bb2 Rd2 24. Re2 Qd7 25. Rae1 Rd3 26. f5 h6 27. Rc2
Ba4 28. Rce2 Bd1 29. Qf4 Qc6 30. h3 Bxe2 31. Rxe2 Rd1+ 32. Kh2 Qd6 33. Qxd6
Rxd6 34. Bc1 Rd3 35. Rc2 h5 36. g3 Rc3 37. Rxc3 Nxc3 38. Kg2 Ne4 39. Kf3 Ng5+
40. Kg2 Kf7 41. h4 Ne4 42. Kf3 Nd6 43. g4 hxg4+ 44. Kxg4 Nxc4 45. Kf4 Ke7 46.
e4 b5 0-1

[Event "34. Torneo Internacional La Roda"]
[Site "La Roda ESP"]
[Date "2007.04.06"]
[Round "4.17"]
[White "Dias, Paulo"]
[Black "Guetas Sanchez, Hugo"]
[Result "1-0"]
[WhiteElo "2413"]
[BlackElo "2135"]
[PlyCount "31"]
[EventDate "2007.04.04"]
[EventType "swiss"]
[EventRounds "9"]
[EventCountry "ESP"]
[Source "lmi"]
[SourceDate "2007.04.04"]

1. e4 d5 2. exd5 Nf6 3. Nf3 Bg4 4. Bb5+ Nbd7 5. h3 a6 6. Ba4 Bxf3 7. Qxf3 b5 8.
Bb3 Nb6 9. Nc3 Qd7 10. a4 b4 11. a5 bxc3 12. axb6 cxd2+ 13. Bxd2 cxb6 14. O-O
g6 15. d6 Rb8 16. Rfe1 1-0

[Event "34. Torneo Internacional La Roda"]
[Site "La Roda ESP"]
[Date "2007.04.06"]
[Round "4.18"]
[White "Garcia Gata, Jorge D"]
[Black "Spassov, Liuben"]
[Result "1-0"]
[WhiteElo "2134"]
[BlackElo "2389"]
[PlyCount "57"]
[EventDate "2007.04.04"]
[EventType "swiss"]
[EventRounds "9"]
[EventCountry "ESP"]
[Source "lmi"]
[SourceDate "2007.04.04"]

1. d4 Nf6 2. Nf3 e6 3. Bg5 h6 4. Bh4 c5 5. e3 b6 6. Bd3 Bb7 7. O-O Be7 8. Nbd2
cxd4 9. exd4 Nc6 10. c3 O-O 11. Re1 Nh5 12. Bxe7 Nxe7 13. Ne4 Qc7 14. Bb1 Nf4
15. g3 f5 16. Ned2 Nh3+ 17. Kf1 g5 18. Ne5 d6 19. Qh5 dxe5 20. Qxh3 Kg7 21.
Rxe5 Qc6 22. Be4 fxe4 23. Rxe6 Qc7 24. Qxh6+ Kf7 25. Rf6+ Ke8 26. Rxf8+ Kd7 27.
Qh3+ Kc6 28. Qe6+ Kb5 29. Qb3+ 1-0

[Event "34. Torneo Internacional La Roda"]
[Site "La Roda ESP"]
[Date "2007.04.06"]
[Round "4.19"]
[White "Fernandez Fernandez, Juan C"]
[Black "Pomes Marcet, Juan"]
[Result "0-1"]
[WhiteElo "2118"]
[BlackElo "2388"]
[PlyCount "64"]
[EventDate "2007.04.04"]
[EventType "swiss"]
[EventRounds "9"]
[EventCountry "ESP"]
[Source "lmi"]
[SourceDate "2007.04.04"]

1. d4 d5 2. c4 c6 3. Nc3 dxc4 4. e4 b5 5. a4 b4 6. Na2 Nf6 7. e5 Nd5 8. Bxc4 e6
9. Nf3 Be7 10. O-O a5 11. Bd2 Nd7 12. Nc1 Bb7 13. Nb3 O-O 14. Bd3 g6 15. Qe2
Qb6 16. Bh6 Rfc8 17. Nfd2 c5 18. Nc4 Qd8 19. Nd6 Bxd6 20. exd6 cxd4 21. Nxd4
Qh4 22. Be3 Nf4 23. Bxf4 Qxf4 24. Nb5 Ne5 25. f3 Bd5 26. Rf2 Rc5 27. Nc7 Rd8
28. Be4 Bxe4 29. fxe4 Rc1+ 30. Rf1 Qxf1+ 31. Qxf1 Rxf1+ 32. Rxf1 Rxd6 0-1

[Event "34. Torneo Internacional La Roda"]
[Site "La Roda ESP"]
[Date "2007.04.06"]
[Round "4.20"]
[White "Guerra Bastida, Diego"]
[Black "Lopez Quevedo, Angel Carlos"]
[Result "1-0"]
[WhiteElo "2371"]
[BlackElo "2121"]
[PlyCount "87"]
[EventDate "2007.04.04"]
[EventType "swiss"]
[EventRounds "9"]
[EventCountry "ESP"]
[Source "lmi"]
[SourceDate "2007.04.04"]

1. d4 d5 2. c4 e6 3. Nf3 c6 4. Qc2 Nf6 5. g3 Be7 6. Bg2 O-O 7. O-O Nbd7 8. Rd1
b6 9. b3 Bb7 10. Nc3 Rc8 11. e4 dxe4 12. Ng5 c5 13. dxc5 Bxc5 14. Ncxe4 Bxe4
15. Nxe4 Nxe4 16. Bxe4 f5 17. Bg2 Qe7 18. Re1 e5 19. Bb2 f4 20. Bd5+ Kh8 21.
Re2 Qf6 22. gxf4 Qxf4 23. Kh1 Rce8 24. Qd2 Nf6 25. Qxf4 exf4 26. Rd2 Nxd5 27.
cxd5 f3 28. Rg1 Rf7 29. Bd4 Bxd4 30. Rxd4 g6 31. h3 Re2 32. d6 Rd7 33. Rc1 Rxf2
34. Rc8+ Kg7 35. Rc7 Rxc7 36. dxc7 Rf1+ 37. Kh2 f2 38. c8=Q Rh1+ 39. Kg3 f1=Q
40. Qb7+ Kh6 41. Rh4+ Kg5 42. Qe7+ Kf5 43. Qe4+ Kg5 44. Qe3+ 1-0